Programming Language: Programming (Record no. 1086565)

MARC details
000 -LEADER
fixed length control field 00311nam a2200121Ia 4500
008 - FIXED-LENGTH DATA ELEMENTS--GENERAL INFORMATION
fixed length control field 231228s2000 xx 000 0 und d
041 ## - LANGUAGE CODE
Language code of text/sound track or separate title eng
082 ## - DEWEY DECIMAL CLASSIFICATION NUMBER
Classification number 5.133
Item number SCO
100 ## - MAIN ENTRY--PERSONAL NAME
Personal name SCOTT (M.L.)
245 ## - TITLE STATEMENT
Title Programming Language: Programming
260 ## - PUBLICATION, DISTRIBUTION, ETC.
Place of publication, distribution, etc. New Delhi
Name of publisher, distributor, etc. HARCOURT ASIA G
Date of publication, distribution, etc. 2000
300 ## - PHYSICAL DESCRIPTION
Extent XXI,856

No items available.